Hevsel bahçesinde bir dut ağacı (Record no. 12591)
[ view plain ]
| 000 -BAŞLIK | |
|---|---|
| Sabit Uzunlukta Kontrol Alanı | 00780na a2200253 4500 |
| 001 - KONTROL NUMARASI | |
| Denetim Alanı | 24641 |
| 003 - KONTROL NUMARASI IDENTIFIER | |
| Denetim Alanı | Milas |
| 005 - SON İŞLEM TARİHİ VE ZAMANI | |
| Denetim Alanı | 20190109124342.0 |
| 008 - SABİT-BOY VERİ ELEMANLARI - GENEL BİLGİLER | |
| Sabit Uzunlukta Kontrol Alanı | 190104b tu 000 0 |
| 020 ## - ULUSLARARASI STANDART KİTAP NUMARASI | |
| Uluslararası Standart Kitap Numarası | 9750503538 |
| 041 ## - DİL KODU | |
| Metin / Ses Parça Veya Ayrı Başlığın Dil Kodu | tur |
| 082 ## - DEWEY ONLU SINIFLANDIRMA NUMARASI | |
| Sınıflandırma Numarası | 923.2 |
| Ürün Numarası | M56h 2005 |
| 090 ## - SINIFLAMA NUMARASI | |
| Sınıflama Numarası | 923.2 M56h 2005 |
| 100 ## - ANA GİRİŞ - KİŞİSEL İSİM | |
| Kişisel Ad | Miroğlu, Orhan |
| 245 ## - BAŞLIK TABLOSU | |
| Başlık | Hevsel bahçesinde bir dut ağacı |
| Başlığın Kalan | Canip Yıldırım'la söyleşi |
| Sorumluluk Tablosu, Vb | Orhan Miroğlu |
| 246 ## - UNVAN FORM VARYING | |
| Başlık Doğru / Kısa Başlığı | Canip Yıldırım'la söyleşi |
| 260 ## - YAYIN, DAĞITIM, VB | |
| Yayın, Dağıtım, Vb Yeri | İstanbul |
| Yayıncı, Dağıtıcı, Vs Adı | İletişim Yayınları |
| Yayın, Dağıtım, Vb Tarihi | 2005 |
| 300 ## - FİZİKSEL TANIM | |
| Kapsam | 261 s. |
| Diğer Fiziksel Ayrıntıları | fotg. |
| Boyutlar | 19 sm. |
| 440 ## - SERİSİ TABLOSU / KATMA GİRİŞİ - BAŞLIK | |
| Başlık | İletişim Yayınları |
| Hacim / Ardışık Tanımı | 1109 |
| 490 ## - SERİSİ TABLOSU | |
| Seri Beyanı | Anı dizisi |
| Hacim / Ardışık Tanımı | 47 |
| 600 ## - KONU KATMA GİRİŞ - KURUMSAL ADI | |
| Kişisel Ad | Yıldırım, Canip |
| Bir Adıyla İlişkilendirilen Tarihler | 1925-2015 |
| Genel Alt Bölümü | Anılar |
| 650 ## - KONU KATMA GİRİŞ - TOPİKAL DÖNEM | |
| Topikal Süreli Veya Coğrafi Ad Giriş Elemanı | Siyasetçiler |
| Genel Alt Bölümü | Röportajlar |
| 740 ## - KATMA GİRİŞ - KONTROLSUZ İLGİLİ / ANALİTİK BAŞLIK | |
| Kontrol Edilmeyen / İlgili Analitik Başlıktaki | Canip Yıldırım'la söyleşi |
| 999 ## - SİSTEM KONTROL NUMARALARI (KOHA) | |
| Koha Biblionumber | 12591 |
| Koha Biblioitemnumber | 12591 |
| Kalıcı Konum | Mevcut Konum | Edinme Tarihi | Edinim Kaynak | Toplam Check-Out'Lar | Tam Çağrı Numarası | Barkod | Tarih Son Görülme | İtibaren Geçerli Fiyatlar | Koha Öğesi Türü |
|---|---|---|---|---|---|---|---|---|---|
| CHP Kütüphanesi | CHP Kütüphanesi | 01/09/2019 | Bağış | 923.2 M56h 2005 | 018718 | 01/09/2019 | 01/09/2019 | Books |
